Strangers - Ethel Cain - Statistics

General Stats
  • This quiz has been taken 129 times
  • The average score is 301 of 353
Answer Stats
Answer % Correct
a
100%
I
100%
you
99%
You
99%
to
97%
When
97%
when
97%
Am
95%
be
95%
be,
95%
In
95%
in
95%
the
95%
your
95%
love"
94%
love
94%
me
94%
strange
94%
basement,
91%
"Don't
91%
Don't
91%
he
91%
and
90%
feel
90%
good
90%
good?
90%
grow
90%
I'm
90%
making
90%
no
90%
no,
90%
No,
90%
No
90%
strangers
90%
think
90%
fall
89%
my
89%
sick
89%
sick?
89%
talk
89%
cold
87%
might
87%
or
87%
Thinking
87%
was
87%
see
86%
tried
86%
for
85%
just
85%
Just
85%
tell
85%
told
85%
back
84%
of
84%
all
82%
Can
82%
here
82%
How
82%
it
82%
never
82%
on
82%
always
81%
handsome,
81%
handsome
81%
mother
81%
over
81%
that
81%
You're
81%
yours
81%
yours?
81%
stomach
80%
turning
80%
If
78%
side
78%
so
78%
wanted
78%
cry
77%
memory
77%
milk
77%
mouth
77%
sees
77%
she'll
77%
sweet
77%
up
77%
wait
77%
Oh,
76%
oh
76%
Polaroid
76%
carton
75%
like
75%
myself
75%
restricted
75%
tough
75%
With
75%
with
75%
devour
73%
what
73%
considered
72%
Freezer
72%
at
71%
evidence
71%
funny,
71%
know
71%
make
71%
night
71%
about
70%
divine
70%
get
68%
I'll
68%
made
68%
now
68%
walking
68%
We'll
68%
way
67%
'cause
66%
far
66%
Mama,
66%
real
66%
hard
65%
did
63%
should
63%
too
63%
bovine
62%
bride,
62%
dairy
62%
eyes
62%
hide
62%
loving
62%
worry
62%
you'll
62%
blamed
59%
green
59%
smoked
59%
aisle
58%
happier
58%
'bout
57%
again
56%
apart
56%
attic
56%
there
56%
delight
54%
sleep
54%
torn
54%
some
53%
these
53%
wink
53%
still
52%
were
51%
would
51%
While
49%
Found
47%
Ah
42%
Euphoric
39%
Winn-Dixie's
39%
No matching quizzes found
Score Distribution
Percent of People with Each Score
Percentile by Number Answered
Your Score History
You have not taken this quiz